000 00534nam a22001937a 4500
005 20251209161152.0
008 251209b |||||||| |||| 00| 0 eng d
037 _cTB
040 _aAL
_cAL
041 _2HIN
_aHIN
084 _bAL
100 _aअखिलेश
_9855654
245 _aMUKTI
260 _aदिल्ली, भारत:
_bवाणी प्रकाशन,
_c1989.
300 _a135p.
365 _b35.00
_cINR
942 _2CC
_cTB
_n0
999 _c1466124
_d1466124